00312nam a2200109Ia 4500008004100000082000800041100001200049245002500061942000600086952009500092999001500187240331s9999 xx 000 0 und d bMAR aMarx, A 0aMarksiyathin peyaral cL 001040708LaWERCLbWERCLcSSCd2024-03-31l0o 335 MARp3677r2024-03-31w2024-03-31yL c3593d3593